| 000 | 01343nam a22002777a 4500 | ||
|---|---|---|---|
| 999 |
_c21365 _d21365 |
||
| 003 | AR-CdUCM | ||
| 008 | 190328b ||||| |||| 00| 0 spa d | ||
| 020 | _a9786124672576 | ||
| 040 |
_aMUNICIPALIDAD PROVINCIAL DEL CUSCO _cBIBLIOTECA MUNICIPAL DEL CUSCO |
||
| 082 |
_a985.63/L25 _bL25 _2Segunda |
||
| 100 |
_aLarco de la Fuente, Rosa _944549 |
||
| 245 |
_aEl origen del caballo / _bRosa Larco Condesa Potocka |
||
| 260 |
_aLima ; _bCIAC, _c2018. |
||
| 300 |
_a126 Páginas. : _bilustraciones, _c24 cm. |
||
| 505 | _aContenido: Los caballos más famosos -- La llegada de los primeros caballos al Perú -- El caballo en la pintura virreinal del Perú -- El caballo en la pintura republicana -- Arquitectura y caballerizas en Lima -- Monumentos Ecuestres -- El deporte hípico -- Las carreras de caballo en Inglaterra -- Carreras de caballos en el Perú a la usanza Inglesa -- Pulu el juego de los reyes -- El Polo en el Perú -- El caballo peruano de paso -- La poesía y el caballo. | ||
| 650 |
_aHistoría Hípica _944563 |
||
| 650 |
_aCaballo peruano _944564 |
||
| 650 |
_aArquitectura Hípica _944565 |
||
| 650 |
_aDeporte Hípico _944566 |
||
| 650 |
_aCaballos _936831 |
||
| 650 |
_aPerú _944567 |
||
| 700 |
_aVelando Prieto, Jaime _944568 |
||
| 700 |
_aReverter Pezet, Guillermo _944569 |
||
| 942 |
_2ddc _cLIBROS |
||
| 945 | _aRoel | ||